[Event "Enghien, 5. Master"]
[Site "Enghien-les-Bains"]
[Date "2003.06.13"]
[Round "1"]
[White "Akopian, V."]
[Black "Bareev, E."]
[Result "0-1"]
[WhiteElo "2703"]
[BlackElo "2734"]
[PlyCount "70"]

1. e4 c6 2. d4 d5 3. Nd2 dxe4 4. Nxe4 Bf5 5. Ng3 Bg6 6. h4 h6 7. Nf3 Nd7 8. h5
Bh7 9. Bd3 Bxd3 10. Qxd3 e6 11. Bf4 Ngf6 12. O-O-O Be7 13. Ne4 Nxe4 14. Qxe4
Nf6 15. Qd3 Qa5 16. Kb1 O-O 17. Ne5 Rad8 18. Qg3 Kh8 19. c4 Nd7 20. Rd3 Bf6 21.
Ra3 Qb6 22. Qe3 c5 23. dxc5 Nxc5 24. Bxh6 Bxe5 25. Qxe5 f6 26. Qe3 Rd7 27. Bf4
e5 28. h6 g6 29. Bg3 Rfd8 30. h7 Rd2 31. Bxe5 Qe6 32. Bxf6+ Qxf6 33. Qc3 Qxc3
34. Rxc3 Rxf2 35. Rc2 Rdd2 0-1

[Event "Enghien, 5. Master"]
[Site "Enghien-les-Bains"]
[Date "2003.06.13"]
[Round "1"]
[White "Polgar, J."]
[Black "Adams, M."]
[Result "1/2-1/2"]
[WhiteElo "2715"]
[BlackElo "2723"]
[PlyCount "52"]

1. e4 e5 2. Nf3 Nc6 3. Bb5 a6 4. Ba4 Nf6 5. O-O Be7 6. Re1 b5 7. Bb3 O-O 8. c3
d5 9. exd5 Nxd5 10. Nxe5 Nxe5 11. Rxe5 c6 12. d3 Bd6 13. Re1 Bf5 14. Nd2 Nf4
15. Ne4 Nxd3 16. Qf3 Bg6 17. Re2 Bc7 18. Bg5 Bxe4 19. Rxe4 Qxg5 20. Qxd3 Rad8
21. Qf3 c5 22. h4 Qh6 23. Rd1 c4 24. Bc2 Rd2 25. Rxd2 Qxd2 26. Qe2 Qxe2 1/2-1/2

[Event "Enghien, 5. Master"]
[Site "Enghien-les-Bains"]
[Date "2003.06.13"]
[Round "1"]
[White "Lautier, J."]
[Black "Fressinet, L."]
[Result "1/2-1/2"]
[WhiteElo "2666"]
[BlackElo "2595"]
[PlyCount "122"]

1. d4 d5 2. c4 e6 3. Nc3 c6 4. e3 Nf6 5. Nf3 Nbd7 6. Bd3 dxc4 7. Bxc4 b5 8. Bd3
Bb7 9. O-O a6 10. e4 c5 11. d5 Qc7 12. dxe6 fxe6 13. Bc2 Qc6 14. Bf4 Rd8 15.
Qe2 Be7 16. e5 Nd5 17. Nxd5 Qxd5 18. Rfd1 Qc6 19. Bg5 Nb6 20. Rxd8+ Bxd8 21.
Bxd8 Kxd8 22. Rd1+ Nd5 23. Ng5 Kc7 24. Qg4 Kb6 25. Bxh7 Qe8 26. Be4 Qh5 27.
Qxh5 Rxh5 28. Nf7 Kc7 29. Re1 Bc6 30. g3 Ne7 31. f4 Bxe4 32. Rxe4 Nd5 33. Kg2
Rf5 34. Ng5 Kd7 35. Re2 c4 36. Kf3 Rf8 37. Rd2 Ke7 38. Ke4 Rd8 39. Kf3 b4 40.
Ne4 c3 41. bxc3 bxc3 42. Rc2 Rc8 43. Ke2 Rc7 44. a3 Rc8 45. Rc1 Rc4 46. Kd3 Ra4
47. Nxc3 Rxa3 48. Kd4 Nb4 49. Rb1 a5 50. Kc4 Kf7 51. Rd1 Ke7 52. Rd6 Nc2 53.
Nb5 Ne3+ 54. Kc5 Ra1 55. Ra6 Rc1+ 56. Kd4 Nf5+ 57. Ke4 Rb1 58. Ra7+ Kf8 59.
Rxa5 Rb3 60. Ra8+ Ke7 61. Ra7+ Kf8 1/2-1/2

[Event "Enghien, 5. Master"]
[Site "Enghien-les-Bains"]
[Date "2003.06.14"]
[Round "2"]
[White "Radjabov, T."]
[Black "Korchnoi, V."]
[Result "1/2-1/2"]
[WhiteElo "2644"]
[BlackElo "2632"]
[PlyCount "81"]

1. d4 d5 2. c4 c6 3. Nc3 Nf6 4. e3 g6 5. Nf3 Bg7 6. Be2 O-O 7. O-O e6 8. Qc2
Nbd7 9. e4 dxe4 10. Nxe4 Nxe4 11. Qxe4 c5 12. Be3 cxd4 13. Bxd4 Bxd4 14. Nxd4
Qb6 15. Rab1 e5 16. Nb5 Nf6 17. Qh4 a6 18. Nc3 Bf5 19. c5 Qc6 20. Rbd1 Rad8 21.
b4 Kg7 22. Qg3 Qe6 23. Qe3 Rfe8 24. h3 h5 25. Rfe1 e4 26. b5 axb5 27. Nxb5 Rxd1
28. Rxd1 Qxa2 29. Nd6 Re5 30. Bc4 Qc2 31. Rc1 Qb2 32. Bxf7 Be6 33. Bxe6 Rxe6
34. Rd1 Qc2 35. Qd4 Qb3 36. c6 bxc6 37. Qa7+ Kh8 38. Nf7+ Kg8 39. Nh6+ Kh8 40.
Nf7+ Kg8 41. Nh6+ 1/2-1/2

[Event "Enghien, 5. Master"]
[Site "Enghien-les-Bains"]
[Date "2003.06.14"]
[Round "2"]
[White "Fressinet, L."]
[Black "Bauer, C."]
[Result "1-0"]
[WhiteElo "2595"]
[BlackElo "2582"]
[PlyCount "55"]

1. e4 e5 2. Nf3 Nc6 3. Bb5 Nf6 4. O-O Bc5 5. Nxe5 Nxe5 6. d4 a6 7. Be2 Nc6 8.
dxc5 Nxe4 9. Be3 Qe7 10. Re1 Nxc5 11. Bxa6 O-O 12. Bf1 Qe5 13. Nc3 Ne6 14. Qd2
d6 15. f4 Qa5 16. a3 Bd7 17. Bb5 Rae8 18. b4 Qa8 19. f5 Ned8 20. Nd5 Re5 21. f6
Ne6 22. fxg7 Rd8 23. Bh6 Qa7+ 24. Kh1 Rxd5 25. Qxd5 Ne7 26. Qh5 Bxb5 27. Qxb5
Qd4 28. Bg5 1-0

[Event "Enghien, 5. Master"]
[Site "Enghien-les-Bains"]
[Date "2003.06.15"]
[Round "3"]
[White "Korchnoi, V."]
[Black "Fressinet, L."]
[Result "0-1"]
[WhiteElo "2632"]
[BlackElo "2595"]
[PlyCount "74"]

1. c4 e6 2. Nf3 d5 3. d4 Nf6 4. Bg5 c6 5. Nbd2 h6 6. Bxf6 Qxf6 7. a3 Nd7 8. e4
dxe4 9. Nxe4 Qf4 10. Bd3 Be7 11. O-O O-O 12. Re1 b6 13. d5 cxd5 14. cxd5 Bb7
15. d6 Bd8 16. Qa4 Ne5 17. Nxe5 Qxe5 18. Qd7 Rb8 19. Nc3 Qa5 20. Be4 Bc8 21.
Qc6 Bb7 22. Qc4 Bf6 23. Bxb7 Rxb7 24. Re2 Bxc3 25. bxc3 Rd8 26. Rd2 Rbd7 27.
Qc6 Qa6 28. g3 Qc8 29. Qxc8 Rxc8 30. Rd3 Rc5 31. Rad1 f6 32. f4 Ra5 33. Rd4 Kf7
34. a4 Rc5 35. R4d3 e5 36. f5 Ra5 37. Ra1 e4 0-1

[Event "Enghien, 5. Master"]
[Site "Enghien-les-Bains"]
[Date "2003.06.16"]
[Round "4"]
[White "Fressinet, L."]
[Black "Gelfand, B."]
[Result "0-1"]
[WhiteElo "2595"]
[BlackElo "2700"]
[PlyCount "64"]

1. e4 c5 2. Nf3 Nc6 3. d4 cxd4 4. Nxd4 Nf6 5. Nc3 e5 6. Ndb5 d6 7. Bg5 a6 8.
Na3 b5 9. Bxf6 gxf6 10. Nd5 f5 11. c3 Bg7 12. exf5 Bxf5 13. Nc2 O-O 14. Nce3
Be6 15. Bd3 f5 16. Qh5 e4 17. Bc2 Ne7 18. Rd1 b4 19. Nxb4 a5 20. Nbd5 Nxd5 21.
Nxd5 Rb8 22. Bb3 a4 23. Bxa4 Rxb2 24. Bb3 Kh8 25. O-O f4 26. Rfe1 Rf5 27. Qg4
e3 28. Rxe3 fxe3 29. Nxe3 h5 30. Qg6 Rf6 31. Qxh5+ Rh6 32. Qf3 Qh4 0-1

[Event "Enghien, 5. Master"]
[Site "Enghien-les-Bains"]
[Date "2003.06.16"]
[Round "4"]
[White "Akopian, V."]
[Black "Bauer, C."]
[Result "1/2-1/2"]
[WhiteElo "2703"]
[BlackElo "2582"]
[PlyCount "29"]

1. Nf3 b6 2. e4 Bb7 3. Nc3 Nf6 4. e5 Nd5 5. d4 e6 6. Bc4 Nxc3 7. bxc3 d5 8. Bd3
Ba6 9. Ng5 Bxd3 10. cxd3 h6 11. Nh3 c5 12. O-O cxd4 13. cxd4 Nc6 14. Be3 Qd7
15. Nf4 1/2-1/2

[Event "Enghien, 5. Master"]
[Site "Enghien-les-Bains"]
[Date "2003.06.18"]
[Round "5"]
[White "Lautier, J."]
[Black "Bareev, E."]
[Result "0-1"]
[WhiteElo "2666"]
[BlackElo "2734"]
[PlyCount "128"]

1. d4 d5 2. c4 c6 3. Nf3 Nf6 4. Nc3 dxc4 5. a4 Bf5 6. e3 e6 7. Bxc4 Bb4 8. O-O
O-O 9. Nh4 Nbd7 10. Nxf5 exf5 11. Qc2 Nb6 12. Bb3 Qd7 13. a5 Nbd5 14. f3 Rfe8
15. Nxd5 Nxd5 16. e4 Nf6 17. Qc4 Bf8 18. Bg5 fxe4 19. fxe4 Rxe4 20. Bxf6 gxf6
21. Rad1 Rae8 22. Rxf6 Re1+ 23. Rxe1 Rxe1+ 24. Kf2 Re7 25. Kg1 Bg7 26. Rf4 Bh6
27. Rf1 Be3+ 28. Kh1 Bxd4 29. Qc1 a6 30. h3 Kh8 31. Qf4 f6 32. Qd2 Qd6 33. Qh6
Qb8 34. Qd2 Qe5 35. Qh6 Rg7 36. Qd2 Re7 37. Qh6 Qb8 38. Qd2 c5 39. Bc4 Qg3 40.
Qh6 Re8 41. Qh5 Rb8 42. Rf3 Qe1+ 43. Rf1 Qxa5 44. Qf7 Qd8 45. Bd5 Bxb2 46. Rb1
Be5 47. Rxb7 Rxb7 48. Qxb7 c4 49. Qa8 Qxa8 50. Bxa8 f5 51. Bd5 c3 52. Bb3 Bd4
53. g3 Kg7 54. Kg2 h5 55. Kf3 Kf6 56. Kf4 Be5+ 57. Kf3 a5 58. Bc2 Bd6 59. Bb3
Bc5 60. Kf4 Bf2 61. Bc2 Be1 62. Kf3 Ke5 63. h4 Kd4 64. Kf4 Bxg3+ 0-1

[Event "Enghien, 5. Master"]
[Site "Enghien-les-Bains"]
[Date "2003.06.18"]
[Round "5"]
[White "Korchnoi, V."]
[Black "Akopian, V."]
[Result "1-0"]
[WhiteElo "2632"]
[BlackElo "2703"]
[PlyCount "153"]

1. d4 Nf6 2. c4 e6 3. Nc3 Bb4 4. Qc2 c5 5. dxc5 Qc7 6. a3 Bxc5 7. b4 Be7 8. Nb5
Qc6 9. Nf3 d6 10. e4 a6 11. Nc3 Qc7 12. Bf4 e5 13. Bg5 Be6 14. Rc1 Nbd7 15. Qb1
O-O 16. Nd5 Bxd5 17. cxd5 Qd8 18. Bd2 Rc8 19. Bd3 Rxc1+ 20. Bxc1 Qb8 21. O-O
Rc8 22. a4 Rc7 23. Be3 Qc8 24. a5 Nf8 25. Rc1 Bd8 26. Rxc7 Bxc7 27. Qc2 Qd8 28.
h3 N8d7 29. Nd2 h6 30. Nc4 Qb8 31. Qb1 Bd8 32. b5 axb5 33. Qxb5 Be7 34. Bc2 Qc8
35. f3 Nb8 36. Ba4 Na6 37. Kh2 Kh7 38. Bf2 g6 39. g3 Bf8 40. Kg2 Kg8 41. Nb6
Qc3 42. Nc4 Nb4 43. Bd1 Nd3 44. Be2 Ne1+ 45. Kf1 Nxf3 46. Qxb7 Nd4 47. Qb2 Nxe2
48. Qxe2 Qa1+ 49. Kg2 Be7 50. Qc2 Kg7 51. Be3 h5 52. Bd2 Qd4 53. a6 Nxe4 54.
Be3 Qxd5 55. Nb6 Qa5 56. Qxe4 Qxa6 57. Qd5 Qe2+ 58. Bf2 h4 59. g4 e4 60. Qd4+
Bf6 61. Qe3 Qc2 62. Nd5 Be5 63. Nb4 Qc4 64. Be1 d5 65. Qd2 d4 66. Bxh4 e3 67.
Qb2 f6 68. g5 e2 69. gxf6+ Bxf6 70. Bxf6+ Kxf6 71. Kf2 Kf5 72. Qb1+ Kg5 73. Nd3
Kh4 74. Ne5 Qe6 75. Qe4+ Kh5 76. Qxe2+ Kg5 77. Nf3+ 1-0

[Event "Enghien, 5. Master"]
[Site "Enghien-les-Bains"]
[Date "2003.06.19"]
[Round "6"]
[White "Bareev, E."]
[Black "Fressinet, L."]
[Result "1-0"]
[WhiteElo "2734"]
[BlackElo "2595"]
[PlyCount "129"]

1. d4 d5 2. c4 c6 3. Nc3 Nf6 4. e3 e6 5. Nf3 Nbd7 6. Qc2 Bd6 7. g4 Bb4 8. Bd2
Qe7 9. Bd3 Bxc3 10. Bxc3 dxc4 11. Bxc4 b5 12. Be2 Bb7 13. g5 Nd5 14. Bd2 O-O
15. e4 Nb4 16. Qc3 c5 17. dxc5 a5 18. a3 Nxc5 19. axb4 Nxe4 20. Qe3 Nxd2 21.
Qxd2 Rfd8 22. Qe3 Qxb4+ 23. Qc3 Qxc3+ 24. bxc3 Rac8 25. Rg1 Rxc3 26. Rg3 Rc5
27. h4 b4 28. Nd2 Bd5 29. Rd3 Rdc8 30. Bd1 g6 31. Ke2 Bc6 32. Ba4 Bb7 33. Kd1
Rf5 34. Rd7 Bd5 35. Ke2 Rc3 36. Bb5 b3 37. Rb1 Re5+ 38. Kf1 b2 39. f4 Rf5 40.
Rxb2 Rxf4+ 41. Ke1 Rxh4 42. Be2 Rg3 43. Bf3 Bxf3 44. Rb8+ Kg7 45. Nxf3 Rb4 46.
Ra8 Rb5 47. Kf2 Rg4 48. Rdd8 Rgxg5 49. Nxg5 Rxg5 50. Rd3 Rf5+ 51. Rf3 Rxf3+ 52.
Kxf3 g5 53. Kg4 Kh6 54. Rg8 f5+ 55. Kf3 e5 56. Re8 e4+ 57. Ke3 Kh5 58. Re7 Kg6
59. Re6+ Kf7 60. Ra6 h5 61. Kd4 h4 62. Ke5 e3 63. Kxf5 h3 64. Ra7+ Kf8 65. Rxa5
1-0

[Event "Enghien, 5. Master"]
[Site "Enghien-les-Bains"]
[Date "2003.06.19"]
[Round "6"]
[White "Akopian, V."]
[Black "Guelfand, B."]
[Result "1-0"]
[WhiteElo "2703"]
[BlackElo "2700"]
[PlyCount "81"]

1. e4 c5 2. Nf3 d6 3. c3 Nf6 4. Bd3 Nc6 5. Bc2 Bg4 6. d3 e6 7. Nbd2 d5 8. h3
Bh5 9. Qe2 Be7 10. g4 Bg6 11. Nh4 Qc7 12. Ng2 O-O-O 13. O-O Rhe8 14. Re1 Bd6
15. Qf1 c4 16. dxc4 Nxe4 17. Nxe4 dxe4 18. Bxe4 Ne5 19. c5 Bxc5 20. Bf4 Bxe4
21. Rxe4 Nf3+ 22. Kh1 Qc6 23. Qe2 Nd2 24. Rd4 Bxd4 25. cxd4 Rxd4 26. Bxd2 Qe4
27. Qb5 Red8 28. Rc1+ Kb8 29. Bf4+ Ka8 30. Kh2 R4d5 31. Qb3 g5 32. Qc3 a6 33.
Bg3 f5 34. gxf5 exf5 35. Bc7 Rc8 36. Qg7 g4 37. Bf4 Rcd8 38. h4 R5d7 39. Qf6
Rd3 40. Bg3 Qd4 41. Qxf5 1-0

[Event "Enghien, 5. Master"]
[Site "Enghien-les-Bains"]
[Date "2003.06.19"]
[Round "6"]
[White "Polgar, J."]
[Black "Kortchnoï, V."]
[Result "1/2-1/2"]
[WhiteElo "2715"]
[BlackElo "2632"]
[PlyCount "43"]

1. e4 e6 2. d4 d5 3. Nc3 Nf6 4. Bg5 dxe4 5. Nxe4 Nbd7 6. Nxf6+ Nxf6 7. Nf3 h6
8. Be3 Nd5 9. Bd2 c5 10. Ne5 a6 11. c4 Nf6 12. Bc3 cxd4 13. Qxd4 Qxd4 14. Bxd4
Nd7 15. Bd3 Nxe5 16. Bxe5 Bd7 17. Be4 O-O-O 18. Rd1 Bb4+ 19. Ke2 f6 20. Bd4 Kc7
21. a3 Be7 22. Rd2 1/2-1/2

[Event "Enghien, 5. Master"]
[Site "Enghien-les-Bains"]
[Date "2003.06.19"]
[Round "6"]
[White "Lautier, J."]
[Black "Bauer, C."]
[Result "1/2-1/2"]
[WhiteElo "2666"]
[BlackElo "2582"]
[PlyCount "33"]

1. d4 f5 2. g3 Nf6 3. c4 g6 4. Nf3 b6 5. Bg2 Bb7 6. O-O Bg7 7. d5 O-O 8. Nc3
Na6 9. Nd4 Nc5 10. b4 Nce4 11. Bb2 e6 12. dxe6 Nxc3 13. Bxc3 Bxg2 14. Kxg2 Ne4
15. Rc1 dxe6 16. Ba1 Qe8 17. Nf3 1/2-1/2

[Event "Enghien, 5. Master"]
[Site "Enghien-les-Bains"]
[Date "2003.06.20"]
[Round "7"]
[White "Korchnoi, V."]
[Black "Lautier, J."]
[Result "1/2-1/2"]
[WhiteElo "2632"]
[BlackElo "2666"]
[PlyCount "43"]

1. c4 e5 2. g3 Nf6 3. Bg2 c6 4. d4 Bb4+ 5. Bd2 Bxd2+ 6. Qxd2 d6 7. Nc3 O-O 8.
Rd1 Nbd7 9. dxe5 dxe5 10. Nf3 Qe7 11. O-O Re8 12. Qd6 Qxd6 13. Rxd6 Nc5 14.
Rfd1 Bg4 15. Ne1 a5 16. Nd3 Nfd7 17. b3 Kf8 18. Nb2 Nb6 19. h3 Be6 20. Nd3 Nbd7
21. Nb2 Nb6 22. Nd3 1/2-1/2

[Event "Enghien, 5. Master"]
[Site "Enghien-les-Bains"]
[Date "2003.06.20"]
[Round "7"]
[White "Radjabov, T."]
[Black "Akopian, V."]
[Result "1/2-1/2"]
[WhiteElo "2644"]
[BlackElo "2703"]
[PlyCount "43"]

1. d4 Nf6 2. c4 e6 3. Nf3 b6 4. a3 Bb7 5. Nc3 d5 6. cxd5 Nxd5 7. Qc2 Nxc3 8.
bxc3 Be7 9. e4 O-O 10. Bd3 c5 11. O-O Qc8 12. Qe2 Ba6 13. Rd1 Bxd3 14. Rxd3
cxd4 15. cxd4 Nd7 16. e5 Re8 17. Bg5 Nf8 18. h4 h6 19. Rc1 Qd8 20. Bxe7 Qxe7
21. h5 Rac8 22. Rcd1 1/2-1/2

[Event "Enghien, 5. Master"]
[Site "Enghien-les-Bains"]
[Date "2003.06.20"]
[Round "7"]
[White "Fressinet, L."]
[Black "Adams, M."]
[Result "1/2-1/2"]
[WhiteElo "2595"]
[BlackElo "2723"]
[PlyCount "47"]

1. e4 e5 2. Nf3 Nc6 3. Bb5 a6 4. Bxc6 dxc6 5. O-O f6 6. d4 exd4 7. Nxd4 c5 8.
Nb3 Qxd1 9. Rxd1 Bg4 10. f3 Bd7 11. Bf4 O-O-O 12. Nc3 c4 13. Na5 Bc5+ 14. Kh1
b5 15. Nd5 Ne7 16. Bxc7 Nxd5 17. Bxd8 Ne3 18. Nb7 Nxd1 19. Rxd1 Kxb7 20. Rxd7+
Kc8 21. Rc7+ Kb8 22. Rd7 Kc8 23. Rc7+ Kb8 24. Rd7 1/2-1/2

[Event "Enghien, 5. Master"]
[Site "Enghien-les-Bains"]
[Date "2003.06.21"]
[Round "8"]
[White "Akopian, V."]
[Black "Fressinet, L."]
[Result "1/2-1/2"]
[WhiteElo "2703"]
[BlackElo "2595"]
[PlyCount "126"]

1. d4 d5 2. c4 c6 3. Nc3 Nf6 4. e3 a6 5. Bd3 dxc4 6. Bxc4 e6 7. Nf3 c5 8. O-O
b5 9. Bd3 Nbd7 10. e4 cxd4 11. Nxd4 Bb7 12. Re1 Ne5 13. Bf4 Nfg4 14. Ncxb5 Bc5
15. Rc1 Bb6 16. Nc7+ Bxc7 17. Qa4+ Qd7 18. Qxd7+ Kxd7 19. Red1 Bb8 20. Nb3 Ke7
21. Be2 Nf3+ 22. Bxf3 Bxf4 23. Rc4 Bxh2+ 24. Kf1 a5 25. Nc5 Ne5 26. Rc3 Bc6 27.
g3 Rhd8 28. Rdc1 Nxf3 29. Rxf3 Rac8 30. Rfc3 Rd2 31. Kg2 Be8 32. Kxh2 Rxf2+ 33.
Kh3 Rxb2 34. a3 Rb6 35. e5 Rbc6 36. Kg4 f6 37. Kf4 g5+ 38. Ke4 Bg6+ 39. Kd4
Rd8+ 40. Kc4 fxe5 41. Kb5 Be8 42. Kxa5 Ra8+ 43. Kb4 Rb6+ 44. Kc4 Bb5+ 45. Kb3
Bc6+ 46. Kc2 Rf8 47. Re1 Rf2+ 48. Kc1 Rf3 49. Rxf3 Bxf3 50. Rxe5 Bd5 51. Kd2 h6
52. Re3 Kd6 53. Na4 Rb7 54. Nc3 Bc6 55. Rd3+ Ke5 56. Re3+ Kf5 57. g4+ Kf6 58.
Ne4+ Bxe4 59. Rxe4 h5 60. gxh5 Rh7 61. a4 Kf5 62. Re3 Rxh5 63. Ra3 Rh2+ 1/2-1/2

[Event "Enghien, 5. Master"]
[Site "Enghien-les-Bains"]
[Date "2003.06.21"]
[Round "8"]
[White "Lautier, J."]
[Black "Gelfand, B."]
[Result "1/2-1/2"]
[WhiteElo "2666"]
[BlackElo "2700"]
[PlyCount "43"]

1. d4 Nf6 2. c4 e6 3. Nf3 b6 4. g3 Ba6 5. Qa4 Bb7 6. Bg2 c5 7. dxc5 bxc5 8. O-O
Be7 9. Nc3 O-O 10. Bf4 Qb6 11. Rfd1 d6 12. Rab1 Nbd7 13. b4 cxb4 14. Rxb4 Bc6
15. Qa3 Qc5 16. Be3 Qh5 17. h3 Bxf3 18. Bxf3 Qxh3 19. Bg2 Qh5 20. Bf3 Qh3 21.
Bg2 Qh5 22. Bf3 1/2-1/2

[Event "Enghien, 5. Master"]
[Site "Enghien-les-Bains"]
[Date "2003.06.21"]
[Round "8"]
[White "Bauer, C."]
[Black "Korchnoi, V."]
[Result "1-0"]
[WhiteElo "2582"]
[BlackElo "2632"]
[PlyCount "63"]

1. Nf3 d5 2. d4 Nf6 3. c4 e6 4. g3 Bb4+ 5. Bd2 Be7 6. Bg2 O-O 7. O-O c6 8. Qc2
Nbd7 9. Rd1 b6 10. Bf4 Bb7 11. Nc3 dxc4 12. Nd2 Nd5 13. Nxc4 Nxf4 14. gxf4 g6
15. Rac1 Rc8 16. e3 Nf6 17. a3 Nd5 18. b4 a5 19. bxa5 bxa5 20. Qb3 Ba6 21. Ne5
Qd6 22. Ra1 Rb8 23. Qc2 Rfc8 24. Ne4 Qc7 25. Rdc1 Bb5 26. Nc5 Bxc5 27. Qxc5 a4
28. f5 gxf5 29. Bxd5 exd5 30. Kh1 f6 31. Rg1+ Kh8 32. Qd6 1-0

[Event "Enghien, 5. Master"]
[Site "Enghien-les-Bains"]
[Date "2003.06.22"]
[Round "9"]
[White "Adams, M."]
[Black "Akopian, V."]
[Result "1/2-1/2"]
[WhiteElo "2723"]
[BlackElo "2703"]
[PlyCount "121"]

1. e4 e6 2. d4 d5 3. Nd2 c5 4. exd5 Qxd5 5. Ngf3 cxd4 6. Bc4 Qd6 7. Qe2 Nf6 8.
Nb3 Nc6 9. Bg5 Qb4+ 10. Bd2 Qb6 11. O-O-O Bd7 12. Bg5 Bc5 13. Kb1 O-O-O 14. Ne5
Nxe5 15. Qxe5 Bd6 16. Qe2 h6 17. Bd2 Bb4 18. Bxb4 Qxb4 19. Nxd4 Kb8 20. f4 Qc5
21. Nf3 Ng4 22. Rd4 Bc8 23. Rhd1 Rxd4 24. Nxd4 e5 25. h3 exd4 26. hxg4 Bxg4 27.
Qxg4 Qxc4 28. Qxg7 Rc8 29. Qe5+ Ka8 30. Qe4 a6 31. b3 Qc6 32. Qxc6 Rxc6 33. f5
Rd6 34. Kc1 Ka7 35. Kd2 Kb6 36. Re1 Rd8 37. g4 Rg8 38. Re4 Kc5 39. Kd3 h5 40.
gxh5 Rg3+ 41. Kd2 Rh3 42. f6 Rxh5 43. Re7 Rf5 44. Rxf7 b5 45. Rf8 Kc6 46. Kd3
Rf4 47. a3 Kc7 48. a4 Kb6 49. Ke2 Rf5 50. Kd3 Rf4 51. axb5 axb5 52. c3 dxc3 53.
Kxc3 Kc6 54. b4 Kc7 55. f7 Kb7 56. Kd3 Rf3+ 57. Ke4 Rf1 58. Ke5 Rf2 59. Ke6
Re2+ 60. Kd6 Rf2 61. Kc5 1/2-1/2